000 00313nam a2200133Ia 4500
008 191201s2010 xx 000 0 und d
100 _aNANDESHWAR, RL
245 0 _aChange and Knowledge Management
250 _a1st
260 _aN. Delhi
_bExcel Books
_c2010
300 _a286
650 _aMBA
942 _2ddc
_cBK
999 _c4800
_d4800